00552nam a2200181Ia 4500003000900000008004100009020001800050040001600068080001600084100001800100245012000118260003900238300001600277650001400293650002600307650001900333700001800352IN-BaIIA211028s9999 xx 000 0 eng d a0-486-61272-4 cIIA Library a035:51bABR aAbramowitz, M 0aHandbook of mathematical functionscM. Abramowitz and I. A. Stegun  aNew YorkbDover Publicationsc1972 axiv, 1046p. aHandbooks aMathematical Handbook aNASA Thesaurus aStegun, I. A.